000 005490000a22001810004500
003 MACL
005 20160610155945.0
008 160610b xxu||||| |||| 00| 0 eng d
040 _aMACL
_cMACL
041 _aHindi
082 _a891.433
100 _aकुमार, सत्‍येन
_958788
245 _aनदी को याद नहीं
_cसत्‍येन कुमार
260 _bराजकमल प्रकाशन
_c1998
_aपटना
350 _a150
650 _aNovel
_963982
942 _cHIN
_k891.433
_2ddc
999 _c47084
_d47084